Datum a čas kvízu
19.5
Celkem bodů
Celkový počet nahraných bodů na tomto kvízu bez doplňovacích otázek.
7.
Pořadí na kvízu
Konečné umístění týmu na tomto kvízu.
Zaznamenané odpovědi
| # | Otázka | Odpověď | Body | Výsledky |
|---|---|---|---|---|
| 1. | Šedesátiletý podnikatel, obžal... | Antonio Koláček | 0.5 | |
| 2. | Příslušníci britského Královsk... | plnovous | 0 | |
| 3. | Již 16. ročník přehlídky novéh... | Letní Letná | 0 | |
| 4. | Po sedmi letech byla sesazena... | Microsoft | 0 | |
| 5. | Česká tenistka, dvojnásobná gr... | Sestini Hlaváčková | 1 | |
| 6. | Téma o slavných zločincích jst... | Parkerová, Barrow | 0 | |
| 7. | Ve kterém roce došlo k nechval... | v roce 2005 | 0 | |
| 8. | Za co přesně byl Al Capone, je... | za krácení daně | 1 | |
| 9. | Při pravděpodobně největší lou... | Saddám Husajn | 0 | |
| 10. | Do historie nejednou zasáhli a... | 1C 2B 3A 4D | 0 |